Szczegóły MARC21

Sintaxis : teoría y práctica del análisis oracional /

003 -Nazwa inst., której nr kontr. jest w polu 001 [,]
    • @
    • Nazwa instytucji, której n kontrolny jest w polu 001
    • NUKAT
005 -DATA I CZAS OSTATNIEJ MODYFIKACJI [,]
    • @
    • pole kontrolne
    • 20241231112735.0
020 -Międzynarod. znormalizowany nr książki - ISBN [ , ]
    • a
    • Numer ISBN
    • 9788485789696 Find
040 -Instytucja sporządzająca opis [ , ]
    • a
    • Instytucja, która sporządziła opis (NP)
    • SZCZ U/JS
    • c
    • Instytucja, która sporządziła rekord (NP)
    • SZCZ U/JS
    • d
    • Instytucja, która zmodyfikowała rekord (P)
    • SZCZ U/MSZ
942 -Rodzaj dokumentu [ , ]
    • c
    • Rodzaj dokumentu
    • Książka
100 -Hasło główne - nazwa osobowa [1, ]
    • a
    • Nazwa osobowa (NP)
    • Cascón Martín, Eugenio.
    • 9
    • KHW
    • 85419
245 -Strefa tytułu i oznaczenia odpowiedzialności [1,0]
    • a
    • Tytuł
    • Sintaxis : Find
    • b
    • Ciąg dalszy tytułu (NP)
    • teoría y práctica del análisis oracional / Find
    • c
    • Pozostałe elementy strefy tytułu i oznaczenia odpowiedzialności (NP)
    • Eugenio Cascón Martín.
250 -Strefa wydania [ , ]
    • a
    • Oznaczenie wydania (NP)
    • 2.ª ed.
260 -Strefa adresu wydawniczego [ , ]
    • a
    • Miejsce wydania (P)
    • Madrid :
    • b
    • Nazwa wydawcy (P)
    • Editorial Edinumen,
    • c
    • Data wydania (P)
    • 2008.
300 -Strefa opisu fizycznego [ , ]
    • a
    • Określenie formy książki i/lub objętość (NP)
    • 231 s. :
    • b
    • Oznaczenie ilustracji (NP)
    • il. ;
    • c
    • Format (NP)
    • 21 cm.
336 -Typ zawartości [ , ]
    • a
    • Termin opisujący typ zawartości
    • Tekst
    • b
    • Kod określający zawartość
    • txt
    • 2
    • Źródło (terminu i kodu)
    • rdacontent
337 -Typ mediów [ , ]
    • a
    • Tryb odtwarzania
    • Bez urządzenia pośredniczącego
    • b
    • Kod typu mediów
    • n
    • 2
    • Źródło (terminu i kodu)
    • rdamedia
338 -Typ/rodzaj nośnika [ , ]
    • a
    • Hasło opisujące typ nośnika
    • Wolumin
    • b
    • Kod typu nośnika
    • nc
    • 2
    • Źródło (terminu i kodu)
    • rdacarrier
490 -Strefa serii i książki wielotomowej - forma nie do wyszukiwania [1, ]
    • a
    • Tytuł (P)
    • Español Práctico Find
830 -Hasło dodatkowe serii i opisu książki wielotomowej - tytuł ujednolicony/tytuł [ ,0]
    • a
    • Tytuł ujednolicony/tytuł (NP)
    • Español Práctico - Editorial Edinumen
    • 9
    • KHW
    • 85420
080 -Uniwersalna Klasyfikacja Dziesiętna [ , ]
    • 2
    • Identyfikator wydania tablic
    • UDC-P058
    • 9
    • UKD
    • 85421
    • a
    • Symbol klasyfikacji
    • 811.134.2'367
    • b
    • Dopowiedzenie
    • Język hiszpański. - Składnia. Syntaktyka. Zdania.
    • 4
    • UKD2
    • 7658
    • x
    • Poddział wspólny
    • =134.2
    • c
    • Dopowiedzenie poddz. wspólnego
    • =Język hiszpański.
080 -Uniwersalna Klasyfikacja Dziesiętna [ , ]
    • 2
    • Identyfikator wydania tablic
    • UDC-P058
    • 9
    • UKD
    • 18384
    • a
    • Symbol klasyfikacji
    • 811.134.2'36
    • b
    • Dopowiedzenie
    • Język hiszpański. - Gramatyka. Gramatyka generatywna.
    • 4
    • UKD2
    • 7658
    • x
    • Poddział wspólny
    • =134.2
    • c
    • Dopowiedzenie poddz. wspólnego
    • =Język hiszpański.
980 -Symbol UKD [ , ]
    • a
    • UKD
    • 811.134.2'367:811.134.2'36]=134.2
710 -Hasło dodatkowe - nazwa ciała zbiorowego [2, ]
    • a
    • Nazwa ciała zbiorowego lub nazwa geograficzna jako pierwszy element (NP)
    • Editorial Edinumen.
    • 4
    • Kod relacji
    • pbl
    • 9
    • KHW
    • 86887
920 -ISBN [ , ]
    • a
    • ISBN
    • 978-84-85789-69-6 Find
Numer inwentarzowy Lokalizacja Status udost. Sygnatura Data inwentaryzacji
P.25192BM1HISZP. Nauka jęzka 182015-09-29